[Event "Toronto Candidates Blitz op"]
[Site "Toronto"]
[Date "2024.04.08"]
[Round "5"]
[White "Keleberda, Timur"]
[Black "Derraugh, Geordie"]
[Result "1-0"]
[WhiteElo "2212"]
[BlackElo "2189"]
[PlyCount "101"]
[EventDate "2024.04.08"]
[EventType "swiss (blitz)"]
[EventRounds "9"]
[EventCountry "CAN"]
[SourceTitle "CB16_2024"]
[SourceDate "2024.04.17"]
[SourceVersion "1"]
[SourceVersionDate "2024.04.17"]
[SourceQuality "1"]

1. e4 c5 2. Nf3 e6 3. Bd3 Nf6 4. 0-0 d5 5. exd5 exd5 6. Bb5+ Bd7 7. Re1+ Be7 8. Qe2 Kf8 9. d4 Nc6 10. Bxc6 Bxc6 11. Bf4 Bd6 12. Bxd6+ Qxd6 13. Qe5 Qxe5 14. Nxe5 cxd4 15. Nd2 Ne4 16. Nxe4 dxe4 17. Nxc6 bxc6 18. Rxe4 Rd8 19. Rae1 g6 20. Re7 a5 21. Rc7 Rd6 22. Ree7 Rf6 23. Red7 Kg7 24. Rxd4 Re8 25. Kf1 Rfe6 26. Rd1 Rb8 27. b3 a4 28. Rdd7 Rf6 29. f3 axb3 30. cxb3 Ra8 31. a4 Rb8 32. Rb7 Re8 33. b4 Re3 34. a5 Ra3 35. Kf2 Ra2+ 36. Kg3 Rf5 37. h4 h6 38. Rdc7 Rf6 39. Rb6 Ra4 40. a6 Re6 41. a7 Re8 42. Rbb7 Ra8 43. Rxf7+ Kg8 44. Rg7+ Kh8 45. Rh7+ Kg8 46. Rbg7+ Kf8 47. Rc7 Kg8 48. Rxh6 R4xa7 49. Rxg6+ Kh8 50. Rxa7 Rxa7 51. Rxc6 1-0

[Event "Canadian zt"]
[Site "Toronto"]
[Date "2024.03.31"]
[Round "7"]
[White "Kot, Emanuel"]
[Black "Derraugh, Geordie"]
[Result "1-0"]
[WhiteElo "2035"]
[BlackElo "2189"]
[PlyCount "63"]
[EventDate "2024.03.27"]
[EventType "team-swiss"]
[EventRounds "10"]
[EventCountry "CAN"]
[SourceTitle "CB15_2024"]
[SourceDate "2024.04.10"]
[SourceVersion "1"]
[SourceVersionDate "2024.04.10"]
[SourceQuality "1"]

1. e4 c5 2. Nf3 e6 3. d4 cxd4 4. Nxd4 Nc6 5. Nc3 Qc7 6. Qd3 Nf6 7. Ndb5 Qb8 8. Qg3 d6 9. Be3 e5 10. 0-0-0 Be7 11. Nxd6+ Kf8 12. Nxc8 Qxc8 13. f3 h5 14. Qf2 Kg8 15. Nd5 Bd8 16. Kb1 Na5 17. Be2 Kh7 18. Nxf6+ Bxf6 19. g4 Qc6 20. Rd5 b6 21. Bb5 Qe6 22. g5 Bd8 23. f4 exf4 24. Qxf4 g6 25. Bd4 Rf8 26. Bd7 Bc7 27. Qf3 Nc4 28. Rd1 Qe7 29. Bf6 Qb4 30. a3 Nxa3+ 31. Qxa3 Qxe4 32. h3 1-0

[Event "Canadian zt"]
[Site "Toronto"]
[Date "2024.03.29"]
[Round "4"]
[White "Derraugh, Geordie"]
[Black "Stevens, Christian"]
[Result "1/2-1/2"]
[WhiteElo "2189"]
[BlackElo "2260"]
[PlyCount "85"]
[EventDate "2024.03.27"]
[EventType "team-swiss"]
[EventRounds "10"]
[EventCountry "CAN"]
[SourceTitle "CB15_2024"]
[SourceDate "2024.04.10"]
[SourceVersion "1"]
[SourceVersionDate "2024.04.10"]
[SourceQuality "1"]

1. d4 d5 2. c4 e6 3. Nc3 Be7 4. cxd5 exd5 5. Bf4 c6 6. e3 Bd6 7. Bxd6 Qxd6 8. Bd3 Ne7 9. Qc2 g6 10. f3 0-0 11. 0-0-0 a5 12. g4 Na6 13. Qd2 b5 14. h4 Nb4 15. Bb1 f5 16. g5 f4 17. e4 dxe4 18. fxe4 Bg4 19. Rf1 Rad8 20. a3 Na6 21. Ba2+ Kh8 22. Nf3 Bxf3 23. Rxf3 Qxd4 24. Qxd4+ Rxd4 25. Rhf1 Nc5 26. Kc2 b4 27. axb4 axb4 28. Rxf4 Rxf4 29. Rxf4 Nf5 30. Nd1 Rxe4 31. Rxe4 Nxe4 32. Kd3 Ned6 33. Nf2 c5 34. Ne4 Nxe4 35. Kxe4 Nxh4 36. Be6 Ng2 37. Bc4 Kg7 38. Bf1 Ne1 39. Be2 h5 40. gxh6+ Kxh6 41. Kd5 g5 42. b3 g4 43. Bxg4 1/2-1/2

[Event "Canadian zt"]
[Site "Toronto"]
[Date "2024.03.28"]
[Round "3"]
[White "Noritsyn, Nikolay"]
[Black "Derraugh, Geordie"]
[Result "1-0"]
[WhiteElo "2451"]
[BlackElo "2189"]
[PlyCount "101"]
[EventDate "2024.03.27"]
[EventType "team-swiss"]
[EventRounds "10"]
[EventCountry "CAN"]
[SourceTitle "CB15_2024"]
[SourceDate "2024.04.10"]
[SourceVersion "1"]
[SourceVersionDate "2024.04.10"]
[SourceQuality "1"]

1. e4 c5 2. Nf3 e6 3. c3 Nf6 4. Bd3 d5 5. e5 Nfd7 6. Bc2 c4 7. d4 cxd3 8. Bxd3 Nc6 9. Bf4 Be7 10. Bg3 Nc5 11. 0-0 Nxd3 12. Qxd3 0-0 13. Nbd2 a5 14. Rfe1 b6 15. a3 a4 16. Rad1 Ba6 17. Qc2 Qc7 18. Rc1 b5 19. Nf1 Na5 20. Ne3 Rfd8 21. Rcd1 Nb3 22. Nd4 Nc5 23. Qc1 Ne4 24. Nec2 Bg5 25. Bf4 Bh4 26. g3 Be7 27. f3 Nc5 28. Bg5 f6 29. Bh4 Re8 30. exf6 Bxf6 31. Bxf6 gxf6 32. Nb4 Bb7 33. Qh6 Qf7 34. Nxb5 Rad8 35. Qe3 Qe7 36. Nd4 Qc7 37. Ndc6 Bxc6 38. Qxc5 Rc8 39. Nxc6 Qd7 40. Qd4 Rxc6 41. Qxf6 e5 42. Qh4 Qa7+ 43. Kg2 Qb7 44. Rd2 e4 45. Re3 Rg6 46. Qh5 exf3+ 47. Rxf3 d4 48. cxd4 Rge6 49. Rdf2 Qe4 50. d5 Rg6 51. Qf5 1-0

[Event "Titled Tuesday intern op 05th Sep Late"]
[Site "Chess.com INT"]
[Date "2023.09.05"]
[Round "1"]
[White "Yanchenko, Roman"]
[Black "Derraugh, Geordie"]
[Result "1/2-1/2"]
[WhiteElo "2466"]
[BlackElo "2189"]
[PlyCount "120"]
[EventDate "2023.09.05"]
[EventType "swiss (blitz)"]
[EventRounds "11"]
[EventCountry "USA"]
[SourceTitle "EXT 2024"]
[Source "ChessBase"]
[SourceDate "2023.10.10"]
[SourceVersion "1"]
[SourceVersionDate "2023.10.10"]
[SourceQuality "1"]

1. d4 Nf6 2. Nf3 g6 3. Bf4 Bg7 4. Nbd2 d5 5. e3 0-0 6. Be2 c5 7. 0-0 Nc6 8. c3 cxd4 9. exd4 Bf5 10. Re1 Re8 11. Ne5 Ne4 12. Nxe4 Bxe4 13. f3 Bf5 14. Bb5 Qb6 15. Qb3 Nxe5 16. Bxe5 Bc2 17. Qxd5 Red8 18. Qc4 a6 19. Bxg7 Kxg7 20. Qe2 Bf5 21. Bc4 Re8 22. Qf2 Rac8 23. Bb3 Qd6 24. Re5 b5 25. Rae1 Bd7 26. Qe3 e6 27. h4 h5 28. a3 a5 29. Rc5 b4 30. axb4 axb4 31. cxb4 Rb8 32. Qc3 Kg8 33. Bc4 Qe7 34. Bd3 Qxh4 35. b5 Red8 36. Rd1 Be8 37. Bf1 Qf4 38. Kf2 h4 39. Qe3 Qg3+ 40. Kg1 Qd6 41. b4 Rb7 42. Qg5 Rdb8 43. Rd2 Qg3 44. Qxg3 hxg3 45. d5 Bxb5 46. Bxb5 Rxb5 47. Rxb5 Rxb5 48. d6 Rxb4 49. Kf1 Rb8 50. Ke2 Rd8 51. f4 f6 52. Kf3 Kf7 53. Kxg3 e5 54. fxe5 fxe5 55. Kg4 Ke6 56. Kg5 Rxd6 57. Rf2 Kd5 58. Rd2+ Ke6 59. Rf2 Kd5 60. Rd2+ Ke6 1/2-1/2

[Event "Munich Pfingst op-A 1st"]
[Site "Munich"]
[Date "2023.06.03"]
[Round "5"]
[White "Derraugh, Geordie"]
[Black "Costa, Leonardo"]
[Result "1/2-1/2"]
[WhiteElo "2116"]
[BlackElo "2343"]
[PlyCount "140"]
[EventDate "2023.05.31"]
[EventType "swiss"]
[EventRounds "9"]
[EventCountry "GER"]
[SourceTitle "CBM 214 Extra"]
[Source "ChessBase"]
[SourceDate "2023.07.31"]
[SourceVersion "1"]
[SourceVersionDate "2023.07.31"]
[SourceQuality "1"]

1. e4 e5 2. Bc4 Nf6 3. d3 Nc6 4. Nc3 Bc5 5. f4 d6 6. Nf3 Na5 7. f5 Nxc4 8. dxc4 Bb4 9. Bg5 Bxc3+ 10. bxc3 b6 11. Qd3 h6 12. Bh4 Qd7 13. Bxf6 gxf6 14. Nd2 Bb7 15. 0-0 Ke7 16. Rfe1 Rag8 17. Nf1 Qxf5 18. Ng3 Qe6 19. a4 Ba6 20. Nf5+ Kd7 21. Ne3 c6 22. Rab1 Rb8 23. Rb4 Kc7 24. Rd1 h5 25. a5 b5 26. Nf5 Rhd8 27. Qe3 c5 28. cxb5 Rxb5 29. Rxb5 Bxb5 30. Qf3 Qa2 31. Ne3 Bc4 32. Qxf6 Be6 33. Qf1 Qxa5 34. Ra1 Qxc3 35. Nd5+ Bxd5 36. exd5 a5 37. Rb1 Qd4+ 38. Kh1 Qxd5 39. Qb5 Rg8 40. Qxa5+ Kd7 41. Qa4+ Ke6 42. Rg1 c4 43. Qa3 Qe4 44. Qh3+ Qf5 45. Qc3 Qg4 46. Qd2 Rg6 47. Rf1 Ke7 48. Qd5 Qe6 49. Qb7+ Kf8 50. Qf3 h4 51. h3 Kg7 52. Qe4 Rf6 53. Rxf6 Qxf6 54. Qxc4 Qg5 55. Qd3 Qc1+ 56. Kh2 Qf4+ 57. Kg1 e4 58. Qd4+ Kg6 59. c4 Kf5 60. Qd5+ Kf6 61. Qd4+ Qe5 62. Qf2+ Kg5 63. Qxf7 e3 64. Qg8+ Kh6 65. Qf8+ Kg6 66. Qg8+ Kf6 67. Qf8+ Ke6 68. Qc8+ Ke7 69. Qb7+ Kf6 70. Qf3+ Ke7 1/2-1/2

[Event "Munich Pfingst op-A 1st"]
[Site "Munich"]
[Date "2023.05.31"]
[Round "1"]
[White "Derraugh, Geordie"]
[Black "Shyam, Sundar M"]
[Result "1/2-1/2"]
[WhiteElo "2116"]
[BlackElo "2502"]
[PlyCount "53"]
[EventDate "2023.05.31"]
[EventType "swiss"]
[EventRounds "9"]
[EventCountry "GER"]
[SourceTitle "CBM 214 Extra"]
[Source "ChessBase"]
[SourceDate "2023.07.31"]
[SourceVersion "1"]
[SourceVersionDate "2023.07.31"]
[SourceQuality "1"]

1. e4 e5 2. Bc4 Nf6 3. d3 c6 4. Nf3 d5 5. Bb3 a5 6. a4 Bb4+ 7. c3 Bd6 8. exd5 cxd5 9. Bg5 Be6 10. Na3 Nbd7 11. Nb5 Bb8 12. 0-0 0-0 13. Bh4 h6 14. Nd2 Re8 15. d4 e4 16. Re1 g5 17. Bg3 Bxg3 18. hxg3 Nb6 19. Rc1 Rc8 20. Ba2 Kg7 21. c4 Bg4 22. f3 exf3 23. gxf3 Bd7 24. Nd6 Rxe1+ 25. Qxe1 Rc6 26. Nxb7 Qc7 27. Nc5 1/2-1/2

[Event "Bodensee op"]
[Site "Bregenz"]
[Date "2023.05.19"]
[Round "7"]
[White "Derraugh, Geordie"]
[Black "Kolbus, Dietmar"]
[Result "0-1"]
[WhiteElo "2116"]
[BlackElo "2277"]
[PlyCount "20"]
[EventDate "2023.05.13"]
[EventType "swiss"]
[EventRounds "9"]
[EventCountry "AUT"]
[SourceTitle "CBM 215 Extra"]
[Source "ChessBase"]
[SourceDate "2023.09.30"]
[SourceVersion "1"]
[SourceVersionDate "2023.09.30"]
[SourceQuality "1"]

1. e4 c5 2. Nf3 d6 3. d4 cxd4 4. Nxd4 Nf6 5. Nc3 a6 6. Be2 g6 7. Be3 Bg7 8. f4 Nbd7 9. 0-0 0-0 10. Kh1 Re8 0-1

[Event "Bodensee op"]
[Site "Bregenz"]
[Date "2023.05.16"]
[Round "4"]
[White "Feistauer, Dirk"]
[Black "Derraugh, Geordie"]
[Result "0-1"]
[WhiteElo "1926"]
[BlackElo "2116"]
[PlyCount "96"]
[EventDate "2023.05.13"]
[EventType "swiss"]
[EventRounds "9"]
[EventCountry "AUT"]
[SourceTitle "CBM 215 Extra"]
[Source "ChessBase"]
[SourceDate "2023.09.30"]
[SourceVersion "1"]
[SourceVersionDate "2023.09.30"]
[SourceQuality "1"]

1. e4 c5 2. Nf3 e6 3. d4 cxd4 4. Nxd4 Nc6 5. Nc3 Qc7 6. Ndb5 Qb8 7. Be3 a6 8. Nd4 Qc7 9. a3 Nf6 10. Nxc6 bxc6 11. Bd3 d5 12. 0-0 Be7 13. f4 c5 14. e5 Nd7 15. Bf2 c4 16. Be2 0-0 17. Bf3 Rb8 18. Rb1 Bb7 19. Qe2 Rfd8 20. Rfd1 g6 21. g4 Bc5 22. Kg2 Bxf2 23. Qxf2 g5 24. fxg5 Nxe5 25. Re1 Nxf3 26. Qxf3 e5 27. Kh3 e4 28. Qf5 Qc6 29. Rbd1 e3 30. Rd4 Qb6 31. Qf4 Qxb2 32. Rxe3 Qxc2 33. Rf3 Qg6 34. Kg3 Qd6 35. Re3 Qxf4+ 36. Kxf4 Rd6 37. Ne4 Rg6 38. Nf6+ Kg7 39. h4 h6 40. Nh5+ Kf8 41. Nf6 Rd8 42. Re1 Bc6 43. h5 hxg5+ 44. Kf5 Rh6 45. Kxg5 Kg7 46. Ne4 Re8 47. Kh4 Rhe6 48. Nd6 Rxe1 0-1

[Event "Rio de Janeiro op 2nd"]
[Site "Rio de Janeiro"]
[Date "2023.05.05"]
[Round "6"]
[White "Tomiello, Lucas Costamilan"]
[Black "Derraugh, Geordie"]
[Result "0-1"]
[WhiteElo "2288"]
[BlackElo "2116"]
[PlyCount "118"]
[EventDate "2023.05.02"]
[EventType "swiss"]
[EventRounds "9"]
[EventCountry "BRA"]
[SourceTitle "CBM 214 Extra"]
[Source "ChessBase"]
[SourceDate "2023.07.31"]
[SourceVersion "1"]
[SourceVersionDate "2023.07.31"]
[SourceQuality "1"]

1. e4 c5 2. Nf3 e6 3. d4 cxd4 4. Nxd4 Nc6 5. Nc3 Qc7 6. Be3 a6 7. g4 b5 8. Nxc6 Qxc6 9. Qd2 b4 10. Ne2 Qxe4 11. Rg1 Qc4 12. Nf4 Qc7 13. 0-0-0 Nf6 14. Bg2 Bb7 15. Bxb7 Qxb7 16. Nh5 Nd5 17. Qd4 Nxe3 18. fxe3 Rg8 19. Rgf1 d5 20. Qf4 Rc8 21. e4 Rc4 22. Ng3 d4 23. e5 Qc7 24. Ne4 Rxc2+ 25. Kb1 b3 26. axb3 f6 27. exf6 Qxf4 28. Rxf4 Rc7 29. Rdf1 Rf7 30. Kc2 Kd7 31. Kd3 e5 32. Rf5 Bd6 33. fxg7 Rxf5 34. Rxf5 Rxg7 35. g5 Kc6 36. Kc4 Rb7 37. Rf6 Rb4+ 38. Kd3 Rxb3+ 39. Kc2 Re3 40. Nxd6 Kd5 41. Rh6 Re2+ 42. Kc1 d3 43. Nf5 e4 44. Rxh7 Ke5 45. Ng3 e3 46. Re7+ Kf4 47. Rf7+ Kg4 48. Rf1 Rc2+ 49. Kb1 Rxh2 50. g6 Rh8 51. g7 Rg8 52. Nf5 e2 53. Ne3+ Kg3 54. Nf5+ Kh3 55. Rf3+ Kg4 56. Re3 d2 57. Nh6+ Kf4 58. Nxg8 d1Q+ 59. Ka2 Kxe3 0-1

[Event "Titled Tuesday intern op 13th Dec Early"]
[Site "Chess.com INT"]
[Date "2022.12.13"]
[Round "2"]
[White "Derraugh, Geordie"]
[Black "Albertini, Luca"]
[Result "0-1"]
[WhiteElo "2116"]
[BlackElo "2079"]
[PlyCount "114"]
[EventDate "2022.12.13"]
[EventType "swiss (blitz)"]
[EventRounds "11"]
[EventCountry "USA"]
[SourceTitle "EXT 2024"]
[Source "ChessBase"]
[SourceDate "2023.10.10"]
[SourceVersion "1"]
[SourceVersionDate "2023.10.10"]
[SourceQuality "1"]

1. e4 e5 2. Nf3 Nc6 3. Nc3 Nf6 4. Bb5 Bc5 5. Nxe5 Nxe5 6. d4 Bxd4 7. Qxd4 Ng6 8. 0-0 0-0 9. e5 Ne8 10. Be3 c6 11. Bd3 d5 12. f4 f5 13. exf6 Qxf6 14. f5 Ne5 15. g4 Nxd3 16. Qxd3 Qd6 17. Rae1 a6 18. g5 Qb4 19. Re2 Bxf5 20. Qd4 Qxd4 21. Bxd4 Rf7 22. Bc5 g6 23. Na4 Ng7 24. Nb6 Re8 25. Rxe8+ Nxe8 26. Re1 Be4 27. c3 Ng7 28. Rf1 Ne6 29. Rxf7 Kxf7 30. Be3 c5 31. Kf2 d4 32. cxd4 cxd4 33. Bd2 Bc6 34. Nc4 Nc5 35. Ne5+ Ke6 36. Nxc6 bxc6 37. Kf3 Kf5 38. h4 Ne4 39. Be1 c5 40. b3 Nd6 41. a4 c4 42. bxc4 Nxc4 43. Bb4 Nb2 44. a5 Nc4 45. Be1 d3 46. Bc3 d2 47. Ke2 Kg4 48. Bf6 Kxh4 49. Bd8 Kg4 50. Be7 Kf4 51. Bd8 Ke4 52. Bf6 Kd5 53. Bc3 Kc5 54. Kd1 Kb5 55. Ke2 Ka4 56. Kd1 Kb3 57. Be5 Nxa5 0-1

[Event "Titled Tuesday intern op 13th Dec Early"]
[Site "Chess.com INT"]
[Date "2022.12.13"]
[Round "11"]
[White "Rustemov, Alexander"]
[Black "Derraugh, Geordie"]
[Result "1-0"]
[WhiteElo "2525"]
[BlackElo "2116"]
[PlyCount "109"]
[EventDate "2022.12.13"]
[EventType "swiss (blitz)"]
[EventRounds "11"]
[EventCountry "USA"]
[SourceTitle "EXT 2024"]
[Source "ChessBase"]
[SourceDate "2023.10.10"]
[SourceVersion "1"]
[SourceVersionDate "2023.10.10"]
[SourceQuality "1"]

1. d4 Nf6 2. c4 e6 3. Nf3 c5 4. d5 exd5 5. cxd5 d6 6. Nc3 g6 7. h3 Bg7 8. e4 0-0 9. Bd3 a6 10. a4 Nbd7 11. 0-0 Re8 12. Re1 Ne5 13. Nxe5 Rxe5 14. Bf4 Nh5 15. Bh2 Qh4 16. Qf3 Bd7 17. g4 Rg5 18. Bf1 Be5 19. Bxe5 dxe5 20. Bg2 Nf4 21. Qg3 Qh6 22. Ne2 Nxg2 23. Kxg2 f5 24. f3 fxg4 25. fxg4 Qg7 26. Ng1 Bxg4 27. hxg4 h5 28. Kh2 Rxg4 29. Qe3 g5 30. Rf1 Rf8 31. Nh3 Rff4 32. Nxf4 gxf4 33. Qf2 Qf6 34. Rg1 Kf7 35. Rxg4 hxg4 36. Kg2 f3+ 37. Kg1 Qf4 38. Rf1 Qxe4 39. Qd2 Qd4+ 40. Qxd4 cxd4 41. Re1 Kf6 42. Kf2 d3 43. Ke3 e4 44. Kxe4 d2 45. Rd1 f2 46. Ke3 g3 47. Kf3 Ke5 48. Kxg3 f1Q 49. Rxf1 Kxd5 50. Kf3 Kc4 51. Ke2 Kb3 52. Kxd2 Kxb2 53. Rf7 b5 54. axb5 axb5 55. Rb7 1-0

[Event "Titled Tuesday intern op 13th Dec Early"]
[Site "Chess.com INT"]
[Date "2022.12.13"]
[Round "7"]
[White "Torres Cueto, Jesus Marcial"]
[Black "Derraugh, Geordie"]
[Result "0-1"]
[WhiteElo "2088"]
[BlackElo "2116"]
[PlyCount "64"]
[EventDate "2022.12.13"]
[EventType "swiss (blitz)"]
[EventRounds "11"]
[EventCountry "USA"]
[SourceTitle "EXT 2024"]
[Source "ChessBase"]
[SourceDate "2023.10.10"]
[SourceVersion "1"]
[SourceVersionDate "2023.10.10"]
[SourceQuality "1"]

1. e4 e6 2. d3 d5 3. Nd2 Nc6 4. Ngf3 g5 5. h3 Qf6 6. Qe2 Nge7 7. e5 Qg6 8. c3 Bg7 9. d4 h6 10. g4 f6 11. exf6 Qxf6 12. Bg2 Ng6 13. Nf1 Nf4 14. Bxf4 gxf4 15. 0-0-0 Bd7 16. N1d2 0-0-0 17. Nb3 b6 18. a4 Kb8 19. a5 Rhe8 20. Rhe1 Re7 21. Ne5 Be8 22. Bf3 Qf8 23. axb6 cxb6 24. Kd2 Bxe5 25. dxe5 d4 26. Bxc6 dxc3+ 27. Kxc3 Bxc6 28. Rd6 Rc7 29. Qd2 Bd5+ 30. Kb4 Rxd6 31. exd6 Qxd6+ 32. Ka4 Rc4+ 0-1

[Event "Toronto"]
[Site "Toronto"]
[Date "2022.10.31"]
[Round "7"]
[White "Derraugh, Geordie"]
[Black "Malakhovets, Sergey"]
[Result "0-1"]
[WhiteElo "2182"]
[BlackElo "1957"]
[PlyCount "116"]
[EventDate "2022.09.12"]
[EventType "tourn"]
[EventRounds "9"]
[EventCountry "CAN"]
[SourceTitle "EXT 2024"]
[Source "ChessBase"]
[SourceDate "2023.10.10"]
[SourceVersion "1"]
[SourceVersionDate "2023.10.10"]
[SourceQuality "1"]

1. e4 c5 2. Nf3 Nc6 3. d4 cxd4 4. Nxd4 Nf6 5. Nc3 e5 6. Ndb5 d6 7. Nd5 Nxd5 8. exd5 Nb8 9. a4 Be7 10. Bd2 Nd7 11. Be2 0-0 12. a5 a6 13. Na3 Nf6 14. Bb4 Bf5 15. Nc4 Rc8 16. c3 Be4 17. Nb6 Bxg2 18. Rg1 Be4 19. Nxc8 Qxc8 20. c4 Qh3 21. Ra3 Qh4 22. Rag3 Bg6 23. Qb3 Ne4 24. R3g2 Kh8 25. Qf3 Nf6 26. Bd2 Ne4 27. Be3 f5 28. Rxg6 hxg6 29. Rxg6 Qh7 30. Re6 Bg5 31. Bd3 Bxe3 32. Bxe4 Bf4 33. Bc2 Qxh2 34. Rg6 e4 35. Qe2 Qh1+ 36. Qf1 Bd2+ 37. Ke2 Qh5+ 38. Kxd2 Qxg6 39. Kc1 Qg5+ 40. Kb1 Qd2 41. Qh3+ Kg8 42. Qa3 Qe1+ 43. Ka2 Qxf2 44. Bb3 Qc5 45. Qa4 e3 46. Bd1 Qd4 47. Bf3 Qe5 48. Be2 g6 49. c5 Kg7 50. Qc4 f4 51. c6 bxc6 52. dxc6 Qxa5+ 53. Kb1 Qc5 54. Qxa6 f3 55. Qb7+ Rf7 56. Bxf3 Rxb7 57. cxb7 Qb6 58. Kc2 e2 0-1

[Event "Toronto"]
[Site "Toronto"]
[Date "2022.09.19"]
[Round "2"]
[White "Barron, Michael"]
[Black "Derraugh, Geordie"]
[Result "0-1"]
[WhiteElo "2190"]
[BlackElo "2182"]
[PlyCount "96"]
[EventDate "2022.09.12"]
[EventType "tourn"]
[EventRounds "9"]
[EventCountry "CAN"]
[SourceTitle "EXT 2024"]
[Source "ChessBase"]
[SourceDate "2023.10.10"]
[SourceVersion "1"]
[SourceVersionDate "2023.10.10"]
[SourceQuality "1"]

1. e4 c5 2. Nf3 e6 3. d4 cxd4 4. Nxd4 Nc6 5. c4 Nf6 6. Nc3 Bb4 7. Nxc6 bxc6 8. e5 Ne4 9. Qd4 Qa5 10. Bd2 Nxd2 11. Kxd2 Bc5 12. Qh4 Qb6 13. Kc2 Bxf2 14. Qg5 0-0 15. Bd3 Qe3 16. Qxe3 Bxe3 17. Rae1 Bb6 18. b4 a5 19. c5 axb4 20. cxb6 bxc3 21. Kxc3 Ra3+ 22. Kd4 c5+ 23. Kxc5 Rxd3 24. Rd1 Ra3 25. Rd2 Ra5+ 26. Kb4 Rxe5 27. Rc1 Ba6 28. a4 Rb8 29. a5 Re4+ 30. Ka3 d5 31. Rc7 Kf8 32. Rb2 Rc4 33. Ra7 Rc3+ 34. Ka4 Bd3 35. b7 Rc4+ 36. Rb4 Ke7 37. a6 Rxb4+ 38. Kxb4 Bxa6 39. Rxa6 Rxb7+ 40. Kc5 Rc7+ 41. Kd4 Rc4+ 42. Kd3 Kf6 43. Rd6 Rf4 44. Ke3 Ke5 45. Rd7 h5 46. g3 d4+ 47. Ke2 Rf5 48. Kd3 Rf2 0-1

[Event "Titled Tuesday intern op 26th Jul Early"]
[Site "Chess.com INT"]
[Date "2022.07.26"]
[Round "9"]
[White "Derraugh, Geordie"]
[Black "Hercegovac, Neven"]
[Result "1-0"]
[WhiteElo "2182"]
[BlackElo "2187"]
[PlyCount "69"]
[EventDate "2022.07.26"]
[EventType "swiss (blitz)"]
[EventRounds "11"]
[EventCountry "USA"]
[SourceTitle "EXT 2023"]
[Source "ChessBase"]
[SourceDate "2022.10.05"]
[SourceVersion "1"]
[SourceVersionDate "2022.10.05"]
[SourceQuality "1"]

1. e4 e5 2. Nf3 Nc6 3. d4 exd4 4. Bc4 Bc5 5. c3 Nf6 6. cxd4 Bb4+ 7. Bd2 Bxd2+ 8. Nbxd2 d5 9. exd5 Nxd5 10. Qb3 Nce7 11. 0-0 0-0 12. Rfe1 c6 13. Ne5 Qb6 14. Ndf3 Qxb3 15. Bxb3 h6 16. Nc4 Be6 17. Nd6 Rab8 18. Ne5 Rfd8 19. Ne4 Nf5 20. Rad1 Nb6 21. Bxe6 fxe6 22. Nf3 Rd7 23. Nc5 Rd6 24. Rxe6 Rbd8 25. Nxb7 Rxe6 26. Nxd8 Rd6 27. Nb7 Na4 28. Nxd6 Nxd6 29. b3 Nc3 30. Rd2 Nde4 31. Rc2 Kf7 32. Ne5+ Ke6 33. f3 Kd5 34. fxe4+ Kxe4 35. Rxc3 1-0

[Event "Titled Tuesday intern op 26th Jul Late"]
[Site "Chess.com INT"]
[Date "2022.07.26"]
[Round "6"]
[White "Derraugh, Geordie"]
[Black "Lewtak, Damian"]
[Result "0-1"]
[WhiteElo "2182"]
[BlackElo "2397"]
[PlyCount "86"]
[EventDate "2022.07.26"]
[EventType "swiss (blitz)"]
[EventRounds "11"]
[EventCountry "USA"]
[SourceTitle "EXT 2023"]
[Source "ChessBase"]
[SourceDate "2022.10.05"]
[SourceVersion "1"]
[SourceVersionDate "2022.10.05"]
[SourceQuality "1"]

1. e4 c5 2. c3 d5 3. exd5 Qxd5 4. d4 Nc6 5. Nf3 Nf6 6. Na3 Bg4 7. Bc4 Qe4+ 8. Be3 cxd4 9. cxd4 e5 10. Bxf7+ Kxf7 11. Ng5+ Kg6 12. Nxe4 Bxd1 13. Nxf6 Ba4 14. Ng4 exd4 15. Bd2 Re8+ 16. Kf1 h5 17. Ne3 dxe3 18. fxe3 Bxa3 19. bxa3 Rhf8+ 20. Ke1 Rf5 21. Rb1 Re7 22. Rf1 Bc2 23. Rxf5 Bxf5 24. Rb2 a6 25. Rb6 Be4 26. g3 Kf5 27. a4 Kg4 28. Rb2 Rf7 29. Bc3 Kh3 30. a5 g5 31. Rd2 Bg2 32. Rd6 Kxh2 33. Rh6 Bf3 34. Kf2 Bg4+ 35. Rf6 Nd8 36. e4 Rxf6+ 37. Bxf6 Ne6 38. e5 Bf5 39. Be7 h4 40. gxh4 g4 41. h5 g3+ 42. Kf3 g2 43. h6 g1Q 0-1

[Event "Titled Tuesday intern op 26th Jul Late"]
[Site "Chess.com INT"]
[Date "2022.07.26"]
[Round "11"]
[White "Derraugh, Geordie"]
[Black "Romanchuk, Viktor"]
[Result "0-1"]
[WhiteElo "2182"]
[BlackElo "2266"]
[PlyCount "46"]
[EventDate "2022.07.26"]
[EventType "swiss (blitz)"]
[EventRounds "11"]
[EventCountry "USA"]
[SourceTitle "EXT 2023"]
[Source "ChessBase"]
[SourceDate "2022.10.05"]
[SourceVersion "1"]
[SourceVersionDate "2022.10.05"]
[SourceQuality "1"]

1. e4 e6 2. d4 d5 3. exd5 exd5 4. Nf3 Bd6 5. Bd3 Ne7 6. 0-0 Nbc6 7. c4 dxc4 8. Bxc4 0-0 9. Nc3 Bg4 10. Be3 a6 11. Ne4 Nf5 12. Rc1 Nxe3 13. fxe3 Qe7 14. Bd3 f5 15. Nf2 Qxe3 16. Qb3+ Kh8 17. Rce1 Qh6 18. Nxg4 fxg4 19. Ne5 Nxd4 20. Qxb7 Rxf1+ 21. Bxf1 Rf8 22. Qd5 Qf4 23. Nd3 Qxh2# 0-1

[Event "Titled Tuesday intern op 19th Jul Late"]
[Site "Chess.com INT"]
[Date "2022.07.19"]
[Round "7"]
[White "Derraugh, Geordie"]
[Black "Jorajuria Mendoza, Algol"]
[Result "1-0"]
[WhiteElo "2182"]
[BlackElo "2157"]
[PlyCount "71"]
[EventDate "2022.07.19"]
[EventType "swiss (blitz)"]
[EventRounds "11"]
[EventCountry "USA"]
[SourceTitle "EXT 2023"]
[Source "ChessBase"]
[SourceDate "2022.10.05"]
[SourceVersion "1"]
[SourceVersionDate "2022.10.05"]
[SourceQuality "1"]

1. e4 c5 2. Nf3 Nc6 3. Bb5 g6 4. Bxc6 dxc6 5. 0-0 Bg7 6. h3 Nf6 7. d3 Nd7 8. a4 b6 9. Nc3 e5 10. Be3 Nf8 11. a5 Rb8 12. axb6 axb6 13. Re1 Ne6 14. Na4 Nd4 15. c3 Nxf3+ 16. Qxf3 Qxd3 17. Red1 Qc4 18. Bg5 0-0 19. Bd8 b5 20. b3 Qxb3 21. Nxc5 Qc4 22. Bc7 Be6 23. Bxb8 Rxb8 24. Nxe6 Qxe6 25. Ra7 Bh6 26. Rdd7 Rf8 27. g3 Bd2 28. Kg2 Bg5 29. h4 Bh6 30. Re7 Qc4 31. Rac7 Bg7 32. h5 Bh6 33. hxg6 hxg6 34. Qf6 Bg7 35. Qxg6 Qxc3 36. Rxf7 1-0